000 00655cam a2200217 a 4500
001 000009357
005 20200929161551.0
008 950327s1993 sp 000 0 spa
020 _a8486778956
040 _aDO-SdBNP
_bspa
_cBNPHU
082 _a863.44
_bT656c
100 1 _aTomeo, Javier,
_d1931-
_924129
245 1 3 _aEl cazador /
_cJavier Tomeo ; prólogo de Ramón Acín.
260 _aZaragoza :
_bMira,
_c1993.
300 _a108 p. ;
_c21 cm.
490 0 _aNarrativa Mira
_v18
500 _aIncluye datos biografícos del autor.
650 4 _aNovela española
_91123
650 4 _aLiteratura española
_9632
830 0 _aNarrativa Mira ;
_n18
_924130
999 _c9117
_d9117